March Madness 2021 Teams - Statistics

General Stats
  • This quiz has been taken 1,388 times
  • The average score is 38 of 68
Answer Stats
Seed School % Correct
1 Baylor
95%
1 Gonzaga
91%
1 Michigan
87%
11 UCLA
86%
3 Texas
85%
8 North Carolina
83%
13 Ohio
83%
3 Kansas
81%
2 Alabama
80%
2 Ohio State
80%
1 Illinois
78%
11 Michigan State
78%
7 Florida
77%
7 Oregon
77%
4 Virginia
77%
2 Houston
74%
2 Iowa
74%
6 Texas Tech
74%
8 Oklahoma
73%
6 USC
72%
4 Florida State
70%
5 Villanova
69%
3 Arkansas
68%
9 Wisconsin
67%
4 Purdue
65%
4 Oklahoma State
64%
12 Oregon State
64%
5 Tennessee
64%
8 Loyola Chicago
63%
7 UConn
62%
8 LSU
61%
10 Virginia Tech
61%
5 Colorado
60%
15 Oral Roberts
60%
11 Syracuse
60%
5 Creighton
57%
10 Maryland
56%
6 San Diego State
54%
3 West Virginia
54%
6 BYU
52%
9 Georgia Tech
52%
9 Missouri
51%
10 Rutgers
51%
7 Clemson
50%
12 Georgetown
47%
11 Utah State
44%
10 VCU
44%
11 Drake
42%
13 North Texas
41%
14 Colgate
40%
11 Wichita State
37%
15 Iona
36%
12 UC Santa Barbara
35%
14 Abilene Christian
34%
15 Grand Canyon
32%
16 Norfolk State
32%
9 St. Bonaventure
32%
16 Texas Southern
32%
13 Liberty
29%
12 Winthrop
29%
16 Drexel
28%
14 Eastern Washington
28%
16 Hartford
27%
15 Cleveland State
26%
14 Morehead State
26%
13 UNC Greensboro
23%
16 Appalachian State
22%
16 Mount St. Mary's
20%
No matching quizzes found
Score Distribution
Percent of People with Each Score
Percentile by Number Answered
Your Score History
You have not taken this quiz